Capoluoghi della Lombardia da Est ad Ovest - Statistics

Statistiche generali
  • Questo quiz è stato fatto 17 volte
  • Il punteggio medio è 11 su 12
Statistiche sulle risposte
Longitudine Capoluogo % Corretto
10° 13' 23"E Brescia
100%
10° 01' 34"E Cremona
100%
10° 47' 52"E Mantova
100%
9° 40' 07"E Bergamo
93%
9° 23' 24"E Lecco
93%
9° 29' 52"E Lodi
93%
9° 11' 17"E Milano
93%
9° 16' 23"E Monza
93%
9° 52' 09"E Sondrio
93%
9° 05' 08"E Como
87%
9° 09' 24"E Pavia
87%
8° 49' 35"E Varese
87%
Nessun quiz corrispondente trovato
Distribuzione punteggi
Percentuale di utenti per punteggio
Percentile per numero di risposta
I tuoi punteggi nel tempo
Non hai fatto questo quiz